MARC details
| 000 -CABECERA |
| campo de control de longitud fija |
02374cam a2200253 i 4500 |
| 001 - NÚMERO DE CONTROL |
| campo de control |
on1414370496 |
| 003 - IDENTIFICADOR DEL NÚMERO DE CONTROL |
| campo de control |
OCoLC |
| 005 - FECHA Y HORA DE LA ÚLTIMA TRANSACCIÓN |
| campo de control |
20250331132742.0 |
| 008 - DATOS DE LONGITUD FIJA--INFORMACIÓN GENERAL |
| campo de control de longitud fija |
231216t20242024enk b 001 0 eng d |
| 020 ## - NÚMERO INTERNACIONAL ESTÁNDAR DEL LIBRO |
| Número Internacional Estándar del Libro |
9781509560547 |
| Información calificativa |
(hardcover) |
| 035 ## - NÚMERO DE CONTROL DEL SISTEMA |
| Número de control de sistema |
(OCoLC)1414370496 |
| 040 ## - FUENTE DE LA CATALOGACIÓN |
| Centro catalogador/agencia de origen |
YDX |
| Lengua de catalogación |
eng |
| Normas de descripción |
rda |
| Centro/agencia transcriptor |
YDX |
| Centro/agencia modificador |
SINLB |
| -- |
OCLCO |
| -- |
MNJ |
| -- |
IMD |
| -- |
LE# |
| -- |
YDX |
| -- |
IMT |
| -- |
IG# |
| -- |
VP@ |
| 050 #4 - SIGNATURA TOPOGRÁFICA DE LA BIBLIOTECA DEL CONGRESO |
| Número de clasificación |
PE1112 |
| Número de documento/Ítem |
.P85 2024 |
| 100 ## - ENTRADA PRINCIPAL--NOMBRE DE PERSONA |
| Nombre de persona |
Pullum, Geoffrey K., |
| Término indicativo de función/relación |
author. |
| 9 (RLIN) |
25096 |
| 245 14 - MENCIÓN DE TÍTULO |
| Título |
The truth about English grammar |
| Mención de responsabilidad, etc. |
/ Geoffrey K. Pullum. |
| 264 #1 - PRODUCCIÓN, PUBLICACIÓN, DISTRIBUCIÓN, FABRICACIÓN Y COPYRIGHT |
| Producción, publicación, distribución, fabricación y copyright |
Cambridge, UK ; |
| -- |
Hoboken, NJ : |
| Nombre del de productor, editor, distribuidor, fabricante |
Polity Press, |
| Fecha de producción, publicación, distribución, fabricación o copyright |
2024. |
| 300 ## - DESCRIPCIÓN FÍSICA |
| Extensión |
xii, 189 pages ; |
| Dimensiones |
23 cm. |
| 504 ## - NOTA DE BIBLIOGRAFÍA, ETC. |
| Nota de bibliografía, etc. |
Includes bibliographical references (pages 171-177) and index. |
| 505 0# - NOTA DE CONTENIDO CON FORMATO |
| Nota de contenido con formato |
Clauses, sentences, and phrases — Types of words — Clause types — Nouns and their phrases — Determinatives — Verbs — Adjectives — Adverbs — Prepositions — Coordinators, subordinators, and interjections — Content clauses — Tenseless subordinate clauses — Passive clauses — Relative clauses — Mythical grammar errors — Spelling and punctuation — Style. |
| 520 ## - SUMARIO, ETC. |
| Sumario, etc. |
"Do you worry that your understanding of English grammar isn't what it should be? It may not be your fault. For hundreds of years, vague and confused ideas about how to state the rules have been passed down from one generation to the next. The available books for the general reader - thousands of them, shamelessly plagiarizing each other - repeat the same misguided definitions and generalizations that appeared in the schoolbooks used by your great-great-grandparents. Geoffrey K. Pullum thinks you deserve better. In this book he breaks away from the tradition. Presupposing no prior knowledge or technical terms, he provides an informal introduction to the essential concepts underlying grammar and usage. With his foundation, you will be equipped to understand the classification of words, the structure of phrases and clauses, and why some supposed grammar rules are really just myths. Also covered are some of the key points about spelling, apostrophes, hyphens, capitalization, and punctuation. Illuminating, witty, and incisive, The Truth About English Grammar is a vital book for all who love writing, reading, and thinking about English"-- Dust jacket flap. |
| 650 #0 - PUNTO DE ACCESO ADICIONAL DE MATERIA--TÉRMINO DE MATERIA |
| Término de materia o nombre geográfico como elemento de entrada |
English grammar |
| Subdivisión general |
Grammar. |
| 650 #0 - PUNTO DE ACCESO ADICIONAL DE MATERIA--TÉRMINO DE MATERIA |
| Término de materia o nombre geográfico como elemento de entrada |
English language |
| 9 (RLIN) |
22368 |
| 942 ## - ELEMENTOS DE ENTRADA AGREGADA (KOHA) |
| Fuente del sistema de clasificación o colocación |
Clasificación de Library of Congress |